Estimates & Designs (Record no. 413757)

000 -LEADER
fixed length control field 00362cam a22001337a 4500
008 - FIXED-LENGTH DATA ELEMENTS--GENERAL INFORMATION
fixed length control field 180718b1981 xxu||||| |||| 00| 0 eng d
082 ## - DEWEY DECIMAL CLASSIFICATION NUMBER
Classification number X81 P273 2
245 ## - TITLE STATEMENT
Title Estimates & Designs
260 ## - PUBLICATION, DISTRIBUTION, ETC.
Place of publication, distribution, etc. Patna
Name of publisher, distributor, etc. Sulabh International
Date of publication, distribution, etc. 1981
300 ## - PHYSICAL DESCRIPTION
Extent 42p
650 ## - SUBJECT ADDED ENTRY--TOPICAL TERM
Topical term or geographic name entry element Architecture
650 ## - SUBJECT ADDED ENTRY--TOPICAL TERM
Topical term or geographic name entry element Buildings -- Specifications
700 ## - ADDED ENTRY--PERSONAL NAME
Personal name Pathak, Bindeshwar ( chairman)
Holdings
Withdrawn status Lost status Damaged status Not for loan Permanent Location Current Location Date acquired Full call number Barcode Date last seen Price effective from Koha item type
        Indian Institute of Public Administration Indian Institute of Public Administration 2009-02-20 X81 P273 2 D1862 2018-07-21 2018-07-21 D
        Indian Institute of Public Administration Indian Institute of Public Administration 2009-02-18 X81 P273 2 D1860 2018-07-21 2018-07-21 D

Powered by Koha